000
00293nam a22001337a 4500
008
170613b xxu||||| |||| 00| 0 eng d
020
_a
9780759392779
041
_a
eng
080
_2
5TH
_a
32
100
_a
19
101
_a
SHP
245
_a
DYNAMICS OF DEMOCRACY
_c
SQUIRE,P
942
_2
udc
_c
BK
999
_c
17172
_d
17172